Quest for prosperity : The life of a Japanese industrialist
Gespeichert in:
| 1. Verfasser: | |
|---|---|
| Format: | Buch |
| Sprache: | Undetermined |
| Veröffentlicht: |
Tokyo
PHP Institute
1988
|
| Schlagworte: | |
| Tags: |
Tag hinzufügen
Keine Tags, Fügen Sie den ersten Tag hinzu!
|
| Thư viện lưu trữ: | Trung tâm Học liệu Trường Đại học Cần Thơ |
|---|
| LEADER | 00518nam a2200193Ia 4500 | ||
|---|---|---|---|
| 001 | CTU_98597 | ||
| 008 | 210402s9999 xx 000 0 und d | ||
| 082 | |a 658 | ||
| 082 | |b M434 | ||
| 100 | |a Konosuke, Matsushita | ||
| 245 | 0 | |a Quest for prosperity : | |
| 245 | 4 | |b The life of a Japanese industrialist | |
| 245 | 0 | |c Konosuke Matsushita | |
| 260 | |a Tokyo | ||
| 260 | |b PHP Institute | ||
| 260 | |c 1988 | ||
| 650 | |a Industrialist | ||
| 904 | |i Hiếu | ||
| 980 | |a Trung tâm Học liệu Trường Đại học Cần Thơ | ||